¿ Hacia dónde va Costa Rica?, 56 preguntas y respuestas sobre la crisis /
El documento consiste en un análisis de la situación de Costa Rica, en temas de democracia, patriotismo, libertad, paz e invita a reflexionar en los posibles cambios a implementar en el país para lograr una mejora en el mismo.
Salvato in:
| Autore principale: | |
|---|---|
| Ente Autore: | |
| Altri autori: | |
| Natura: | testo |
| Lingua: | Spanish |
| Pubblicazione: |
San José:
Editorial Porvenir
1985
|
| Soggetti: | |
| Tags: |
Aggiungi Tag
Nessun Tag, puoi essere il primo ad aggiungerne!!
|
MARC
| LEADER | 00000 a a2200000 04500 | ||
|---|---|---|---|
| 001 | 25781 | ||
| 003 | cru CIDCACS/IIS | ||
| 005 | 20231010144713.0 | ||
| 008 | 200227b1985 CR ||||| |||| 00| 0 spa d | ||
| 020 | |a 9977-944-05-9 | ||
| 040 | |c cru CIDCACS/IIS | ||
| 090 | |a 03.02.04 C932h | ||
| 100 | 1 | |a Gutiérrez Saxe, Miguel | |
| 110 | |a Instituto Costarricense de Estudios Sociales | ||
| 245 | |a ¿ Hacia dónde va Costa Rica?, 56 preguntas y respuestas sobre la crisis / |c Miguel Gutiérrez Saxe | ||
| 260 | |a San José: |b Editorial Porvenir |c 1985 | ||
| 300 | |a 158 páginas | ||
| 520 | |a El documento consiste en un análisis de la situación de Costa Rica, en temas de democracia, patriotismo, libertad, paz e invita a reflexionar en los posibles cambios a implementar en el país para lograr una mejora en el mismo. | ||
| 650 | 0 | |9 83 |a DEMOCRACIA | |
| 650 | 0 | |a POLITICA |9 3691 | |
| 650 | 0 | |9 79 |a LIBERTAD | |
| 650 | 0 | |9 138 |a PAZ | |
| 651 | 0 | |9 32 |a COSTA RICA | |
| 700 | |a Ramírez Guier, Gonzalo |a Sobrado Chaves, Miguel Angel |a Vargas Cullell, Jorge Luis | ||
| 942 | |2 ddc |c LI |h 03.02.04 C932h |i 17748 |6 030204_C932H_17748 | ||
| 999 | |c 3558 |d 3558 | ||



